Music Quiz

Random Music or Singers Quiz
Score 0/10 Timer 01:00
0 Plays Today
% Correct
Physical
78.3%
Life After Death
70.8%
Bella Donna
61.5%
Country Grammar
59%
It Was Written
42.2%
Year of the Gentleman
34.8%
Little Criminals
34.8%
Stardust
34.8%
Sunny Side Up
29.2%
Made of Bricks
19.3%
Remove Ads.
Support Sporcle.
Get the best of Sporcle when you Go Orange. This ad-free experience offers more features, more stats, and more fun while also helping to support Sporcle. Thank you for becoming a member.

You're not logged in!

Compare scores with friends on all Sporcle quizzes.
OR
Log In

Show Comments

Extras

Top Quizzes Today


Score Distribution

Your Account Isn't Verified!

In order to create a playlist on Sporcle, you need to verify the email address you used during registration. Go to your Sporcle Settings to finish the process.

Report this User

Report this user for behavior that violates our Community Guidelines.

Details: